000
00342nam a2200145Ia 4500
100
_a
Anderson/Edwin/P.
650
_a
Electrical Engineering
942
_c
BK
654
_a
Power
245
_a
Electrical power calculations with Diagrams
260
_b
Taraporevala Sons & Co
_c
2001
082
_a
621.3
300
_a
466
546
_a
ENGLISH
999
_c
26323
_d
26323